00761nam a2200217Ia 4500003000900000008004100009040001600050080001800066100003000084245014900114260003000263300001500293490004700308650001300355650002700368650001600395650001900411942000700430999001300437952009300450IN-BaIIA211028s9999 xx 000 0 eng d cIIA Library a621.94bHOL-4 aHoltzapffel, Chalres9626 0aTurning and mechanical manipulationbvol. IV, the practice of hand or simple turingcCharles Holtzapffel  aLondonbHoltzapffelc1897 axix, 592p. aTurning and mechanical manipulation; v. IV aArchives aGrinding machines9627 aLathes9628 aNASA Thesaurus cBK c309d309 00104070aBANbBANcGENd0000-00-00l0o621.94/ HOL-4p298r2021-11-05w0000-00-00yBK